000 01591nam0a2200397 4500
001 RU\NLR\bibl\262190
005 20260405102751.0
010 _a5-88186-367-4
_bВ пер.
_91000
021 _aRU
_b2002-2860
_9141
035 _a(NLR Aleph) 000257827
090 _a1505563
_c1505563
100 _a20020426d2001 |||y0rusy50 ca
101 0 _arus
102 _aRU
105 _acah |||||||||
200 1 _aСашкин орден
_eДок. повесть о прапорщике Александре Жаркове, рассказ. его родителями, друзьями и им самим - в письмах
_fВасилий Смирнов
210 _aКиров
_cКОГУП
_d2001
215 _a159 c., [10] л. ил., портр., факс.
_cил.
_d15
600 1 _aЖарков
_bА.В.
_gАлександр Викторович
_92245339
_3RU\NLR\auth\661347085
600 1 _aЖарков
_bА. В.
_gАлександр Викторович
_2psbo
610 0 _aГероизм советских воинов
610 0 _aЛесные пожары - Тушение
675 _a630.43
_v3
_zrus
686 _a68.47
_2rugasnti
686 _a43.4
_2rubbk
686 _aЦ4,6(2)243дЖарков
686 _aШ6(2=Р)75-448
700 1 _4070
_8rus
_7ca
_aСмирнов
_bВ. В.
_cжурналист
_gВасилий Васильевич
_3RU\NLR\auth\7738475
_921459
801 0 _aRU
_bRKP
_c20020426
_gPSBO
801 1 _aRU
_bRKP
_c20020426
801 2 _aRU
_bNLR
_c20060522
_grcr
942 _cBOOK
980 _aNB
980 _aNBR